Normal view
MARC view
- Magazine
Entry Topical Term
001 - CONTROL NUMBER
- control field: 35281
003 - CONTROL NUMBER IDENTIFIER
- control field: NUST
005 - DATE AND TIME OF LATEST TRANSACTION
- control field: 20201113143947.0
008 - FIXED-LENGTH DATA ELEMENTS
- fixed length control field: 201113|| aca||aabn | a|a d
040 ## - CATALOGING SOURCE
- Original cataloging agency: NUST
- Transcribing agency: NUST
150 ## - HEADING--TOPICAL TERM
- Topical term or geographic name entry element: Magazine
670 ## - SOURCE DATA FOUND
- Source citation: Work cat.: (NUST): Reader's digest : The world best loved magazine /, Since 1922.
